000 01334cam a22003011i 4500
003 SA-RiAUC
005 20251224133510.0
008 251223s2008 su g 000 0 ara c
020 _a9789960533100
040 _aSA-RiIMS
_bara
_cSA-RiAUC
_erda
082 0 4 _a252.5
090 _a252.5
_bف و ز
100 1 _aالفوزان، صالح بن فوزان بن عبد الله،
_d1354 هجري-
_eمؤلف.
245 1 0 _aدروس وفتاوى الحج /
_cألقاها وأجاب عنها في مخيم اللجنة الدائمة للإفتاء بمنى فضيلة الشيخ العلامة صالح الفوزان ؛ جمع وإعداد إبراهيم بن علي الحمدان.
250 _aالطبعة الأولى.
264 1 _aالرياض :
_bدار القاسم،
_c2008
300 _a336 صفحة ؛
_c24 سم.
336 _aنص
_btxt
_2rdacontent
_3كتاب
337 _aبدون وسيط
_bn
_2rdamedia
338 _aمجلد
_bnc
_2rdacarrier
440 0 _aسلسلة دروس وفتاوى الحج
_v1
650 7 _aالحج (فقه إسلامي)
_2aucsh
650 7 _aالفقه الإسلامي
_2aucsh
650 7 _aالعبادات (فقه إسلامي)
_2aucsh
700 1 _aالحمدان، إبراهيم بن علي
_eجامع.
942 _2ddc
_cBOOK
_n0
949 _aSA-JeALM
_d251223
_umohamedma123
_n1
999 _c13666
_d13666